| 000 | 00706nam a2200193 i 4500 | ||
|---|---|---|---|
| 001 | 116740 | ||
| 003 | ES-MaACL | ||
| 005 | 20250929063154.0 | ||
| 008 | 061121s1934 sp |||| | spa d | ||
| 100 | 1 |
_aPascua, Marcelino, _d1897-1977 _989336 |
|
| 245 | 1 | 0 |
_aDepartamento de Estadísticas Sanitarias _b: suplemento la número 232 : mortalidad urbana y rural / _cpor M. Pascua. |
| 260 |
_aMadrid : _b[s.n.], _c1934. |
||
| 300 |
_a9 p. ; _c23 cm. |
||
| 594 | _aPrecede al tít.: Dirección General de Sanidad. | ||
| 650 | 0 | 4 |
_aMortalidad- _zEspaña- _vEstadísticas. _915199 |
| 710 | 1 |
_aEspaña. _bDirección General de Sanidad. _93905 |
|
| 852 |
_aES-MaACL _j1821-F-7 |
||
| 999 |
_c116740 _d116740 |
||